Jardins et rizières du Cambodge : (Record no. 20652)

000 -LEADER
fixed length control field 00547cam a22001814a 4500
020 ## - INTERNATIONAL STANDARD BOOK NUMBER
ISBN 9782845868434
040 ## - CATALOGING SOURCE
Transcribing agency DLC
100 1# - MAIN ENTRY--AUTHOR NAME
Personal name Pillot, Didier.
245 10 - TITLE STATEMENT
Title Jardins et rizières du Cambodge :
Remainder of title les enjeux du développement agricole /
250 ## - EDITION STATEMENT
Edition statement 555 KAR 2007 C323 Or.
260 ## - PUBLICATION, DISTRIBUTION, ETC. (IMPRINT)
Place of publication Paris :
Name of publisher Karthala ;
Place of publication Nogent-sur-Marne :
Name of publisher GRET,
Year of publication [2008].
300 ## - PHYSICAL DESCRIPTION
Number of Pages 522 p. :
Other physical details ill. (some col.) ;
Dimensions 24 cm.
490 0# - SERIES STATEMENT
Series statement Economie et développement
650 #0 - SUBJECT ADDED ENTRY--TOPICAL TERM
Topical Term Agriculture
650 #0 - SUBJECT ADDED ENTRY--TOPICAL TERM
Topical Term Agriculture
650 #0 - SUBJECT ADDED ENTRY--TOPICAL TERM
Topical Term Rural development
942 ## - ADDED ENTRY ELEMENTS (KOHA)
Koha item type ADB

No items available.

មជ្ឈមណ្ឌលឯការនៃសាកលវិទ្យាល័យភូមិន្ទកសិកម្មចំការដូង

Powered by Koha